01655nas a2200265 a 450000500170000000700030001700800410002004000280006104100080008911100850009724500670018226400890024930000560033831000160039433600290041033700350043933800280047436200370050252003890053965000730092894200150100195201780101695201780119499900170137220250611114719.0ta180323e2000 dr q p|r ||00 | spa d aDO-SdBNPcDO-SdBNPerda hspa aEncuentro Justicia y Prensa.cSanto Domingo, República Dominicanad2000987538 0aJusticia y razón : bprimera conferencia del Poder Judicial. aSanto Domingo, República Dominicana : bEscuela Nacional de la Judicatura, c2000. avolumen : bilustraciones, fotografías ; c28 cm. aTrimestral  atexto btxt 2rdacontent asin mediación bn 2rdamedia avolumenbnc2rdacarrier aAño 1. No. 1. Septiembre 2000. aDesde el punto de vista teleológico, la creación de las instituciones viene a fungir como punto de partida para consecución de todo aquello que tienda a la perfección holística de la grey humana en la faz de la tierra, a sabiendas de que tanto el hombre como la mujer tienen como designio la búsqueda de la felicidad, tras enmarcar sus actos dentro de la esfera del bien.  0aJusticia946174vPublicaciones periódicas zRepública Dominicana 2ddccISSUE 00102ddc4056708SEaBNPHUbBNPHUd2025-04-25hAño 1. No. 1. Septiembre 2000.l0p2025-3699r2025-04-25te.1w2025-04-25yISSUEzPrimera Conferencia del Poder Judicial. 00102ddc4056708SEaBNPHUbBNPHUd2025-04-25hAño 1. No. 1. Septiembre 2000.l0p2025-3700r2025-04-25te.2w2025-04-25yISSUEzPrimera Conferencia del Poder Judicial. c46267d46267